000 00460nam a2200193Ia 4500
005 20240823013213.0
008 240823s9999||||xx |||||||||||||| ||und||
020 _a81-7224-983-7
041 _aENGLISH
082 _A620.82 P2
100 _aILO
245 0 _aIntroduction to occupational Health and Safety
250 _a1st
260 _c2002
_b"Jaico,M"
_aMumbai
500 _aTRANSFERED
650 _aWork
_bMechanical
942 _cBK
999 _c166576
_d166576